[Event "Bhubaneswar op 11th"]
[Site "Bhubaneswar"]
[Date "2018.05.25"]
[Round "1"]
[White "Debashis, Das"]
[Black "Selvabharathy, T."]
[Result "1-0"]
[WhiteElo "2522"]
[BlackElo "1894"]
[PlyCount "71"]
[EventDate "2018.05.25"]
[EventType "swiss"]
[EventRounds "10"]
[EventCountry "IND"]
[SourceTitle "CBM 184 Extra"]
[Source "ChessBase"]
[SourceDate "2018.06.28"]
[SourceVersion "1"]
[SourceVersionDate "2018.06.28"]
[SourceQuality "1"]

1. d4 d6 2. Nf3 Bg4 3. c4 Bxf3 4. exf3 g6 5. Nc3 Bg7 6. Be3 c6 7. Be2 Nf6 8. d5 0-0 9. 0-0 Qd7 10. Rc1 Rc8 11. a3 cxd5 12. cxd5 Na6 13. b4 Nc7 14. Qb3 Qf5 15. Rfd1 Nd7 16. a4 Bxc3 17. Rxc3 Nf6 18. Rcd3 a6 19. h3 b5 20. a5 Ncxd5 21. g4 Qe5 22. Rxd5 Nxd5 23. Rxd5 Qc3 24. Qb1 Qc2 25. Qe1 Qb3 26. Rd3 Qa2 27. Bf1 Qe6 28. f4 Rc7 29. f5 Qe5 30. fxg6 hxg6 31. Qd2 Qg7 32. Bd4 Qh7 33. Bb6 Rcc8 34. Bg2 Rab8 35. Ba7 Qg7 36. Bxb8 1-0

[Event "Mumbai Wealth op 3rd"]
[Site "Mumbai"]
[Date "2018.01.07"]
[Round "9"]
[White "Joglekar, Abhijit"]
[Black "Selvabharathy, T."]
[Result "0-1"]
[WhiteElo "1617"]
[BlackElo "1963"]
[PlyCount "154"]
[EventDate "2017.12.30"]
[EventType "swiss"]
[EventRounds "9"]
[EventCountry "IND"]
[SourceTitle "CBM 182 Extra"]
[Source "ChessBase"]
[SourceDate "2018.02.23"]
[SourceVersion "1"]
[SourceVersionDate "2018.02.23"]
[SourceQuality "1"]

1. e4 c5 2. Nf3 d6 3. d4 cxd4 4. Nxd4 Nf6 5. Nc3 g6 6. Be3 Bg7 7. f3 0-0 8. Qd2 Nc6 9. Bc4 Bd7 10. 0-0-0 Qa5 11. Kb1 Ne5 12. Bb3 Rfc8 13. h4 b5 14. Ncxb5 Qxd2 15. Rxd2 Rab8 16. a4 a6 17. Na3 Be8 18. Rhd1 Rb4 19. a5 Nfd7 20. c3 Rbb8 21. Ka1 Nc5 22. Bc2 Nb7 23. f4 Ng4 24. Bg1 Nxa5 25. Re1 e5 26. Ne2 Bf8 27. Rd5 Nb3+ 28. Ka2 Ba4 29. g3 Rb7 30. Rdd1 Rcb8 31. Nc4 Na5 32. Bxa4 Nxc4 33. b3 Nb6 34. Bxb6 Rxb6 35. Nc1 Bg7 36. f5 Bh6 37. Rd3 gxf5 38. exf5 Bxc1 39. Rxc1 Kg7 40. c4 Kf6 41. Rcd1 Ke7 42. Re1 h5 43. Re2 Rc8 44. Rd5 Nf6 45. Rd3 Rc5 46. Rf3 e4 47. Rf4 Re5 48. Ka3 d5 49. cxd5 Rxd5 50. Re3 Rbd6 51. Rf1 Rd4 52. Rc1 Ng4 53. Ree1 e3 54. Bc6 Kf6 55. Bf3 Rd3 56. Be2 Ne5 57. Bxh5 Kxf5 58. Be2 Rd2 59. h5 Ke4 60. Bc4 Kf3 61. Rc3 Nxc4+ 62. Rxc4 Kf2 63. Rec1 e2 64. Rf4+ Ke3 65. Rc3+ R2d3 66. Rxd3+ Kxd3 67. Rf3+ Kd4 68. Rf4+ Kd5 69. Rf5+ Ke6 70. h6 Kxf5 71. h7 Rh6 72. g4+ Kxg4 73. b4 e1Q 74. b5 Qa5+ 75. Kb3 Rh3+ 76. Kb2 Qa3+ 77. Kc2 Qa2+ 0-1

[Event "Mumbai Wealth op 3rd"]
[Site "Mumbai"]
[Date "2018.01.06"]
[Round "8"]
[White "Selvabharathy, T."]
[Black "Tanmay, Jain"]
[Result "0-1"]
[WhiteElo "1963"]
[BlackElo "1738"]
[PlyCount "103"]
[EventDate "2017.12.30"]
[EventType "swiss"]
[EventRounds "9"]
[EventCountry "IND"]
[SourceTitle "CBM 182 Extra"]
[Source "ChessBase"]
[SourceDate "2018.02.23"]
[SourceVersion "1"]
[SourceVersionDate "2018.02.23"]
[SourceQuality "1"]

1. d4 Nf6 2. c4 e6 3. g3 d5 4. Nf3 Bb4+ 5. Bd2 Be7 6. Bg2 0-0 7. 0-0 b6 8. Qc2 Bb7 9. Nc3 Nbd7 10. Rfd1 a6 11. cxd5 exd5 12. Bf4 Rc8 13. Ne5 Bd6 14. Qb3 Qe7 15. Bxd5 Nxd5 16. Nxd5 Qe6 17. Ne3 Nxe5 18. Qxe6 Nf3+ 19. exf3 fxe6 20. Bxd6 cxd6 21. f4 Bf3 22. Rdc1 b5 23. Nc2 Kf7 24. Ne1 Bd5 25. a3 Ke7 26. f3 h6 27. h4 Rc4 28. Kf2 Rxd4 29. Ke3 Rc4 30. b3 Rcc8 31. b4 Kd7 32. Nd3 Rce8 33. Rc3 Rc8 34. Rac1 Rc6 35. Rc4 Rxc4 36. Rc2 Rc3 37. Rxc3 g5 38. hxg5 hxg5 39. Rc1 gxf4+ 40. Nxf4 Bb7 41. Rf1 e5 42. Nh3 Rc8 43. Kd2 Rh8 44. Ng5 Rh2+ 45. Kc3 Ra2 46. Rd1 Bxf3 47. Rf1 Bd5 48. g4 Rxa3+ 49. Kc2 Rg3 50. Nh7 Be4+ 51. Kb2 Bxh7 52. Rf7+ 0-1

[Event "Mumbai Wealth op 3rd"]
[Site "Mumbai"]
[Date "2017.12.31"]
[Round "2"]
[White "Selvabharathy, T."]
[Black "Bharat, Kumar Reddy Poluri"]
[Result "0-1"]
[WhiteElo "1963"]
[BlackElo "2141"]
[PlyCount "104"]
[EventDate "2017.12.30"]
[EventType "swiss"]
[EventRounds "9"]
[EventCountry "IND"]
[SourceTitle "CBM 182 Extra"]
[Source "ChessBase"]
[SourceDate "2018.02.23"]
[SourceVersion "1"]
[SourceVersionDate "2018.02.23"]
[SourceQuality "1"]

1. d4 e6 2. c4 Nf6 3. Nc3 Bb4 4. a3 Bxc3+ 5. bxc3 0-0 6. f3 d5 7. e3 b6 8. cxd5 exd5 9. Bd3 c5 10. Ne2 Ba6 11. 0-0 Bxd3 12. Qxd3 Re8 13. Ng3 Nc6 14. Ra2 Rc8 15. Re2 a5 16. Rd1 c4 17. Qc2 b5 18. e4 Qb6 19. Kh1 b4 20. e5 Nd7 21. Nf5 Rb8 22. f4 bxc3 23. Qxc3 Qb3 24. Qe1 Nf8 25. Re3 Qc2 26. Nd6 Red8 27. Rc3 Qa2 28. f5 Rb3 29. Rg3 Qc2 30. Rd2 Qb1 31. Rd1 Qc2 32. Rd2 Qb1 33. Rd1 Rxg3 34. Qxg3 Rb8 35. e6 fxe6 36. fxe6 Qg6 37. Re1 Rb1 38. Qf3 Qxe6 39. Rf1 Ng6 40. Nf5 Rb8 41. h4 Rf8 42. Qg4 Nxd4 43. Nh6+ gxh6 44. Rxf8+ Kxf8 45. Bxh6+ Kf7 46. Qxd4 Qe1+ 47. Kh2 Qxh4+ 48. Qxh4 Nxh4 49. a4 d4 50. Bf4 c3 51. Be5 Nf5 52. Bf4 Ne3 0-1

[Event "IND-chT 36th"]
[Site "Bhubaneswar"]
[Date "2016.02.12"]
[Round "7.1"]
[White "Selvabharathy, T."]
[Black "Deepan Chakkravarthy, J."]
[Result "0-1"]
[WhiteElo "1851"]
[BlackElo "2481"]
[PlyCount "120"]
[EventDate "2016.02.08"]
[EventType "team-swiss"]
[EventRounds "9"]
[EventCountry "IND"]
[SourceTitle "CBM 170 Extra"]
[Source "ChessBase"]
[SourceDate "2016.02.25"]
[SourceVersion "1"]
[SourceVersionDate "2016.02.25"]
[SourceQuality "1"]
[WhiteTeam "Tamil Nadu II"]
[BlackTeam "Railway Sports"]
[WhiteTeamCountry "IND"]
[BlackTeamCountry "IND"]

1. d4 e6 2. c4 Bb4+ 3. Bd2 a5 4. g3 d5 5. Nf3 Nc6 6. Qc2 Nge7 7. Bg2 dxc4 8. Qxc4 Qd5 9. Qd3 e5 10. dxe5 Qxd3 11. exd3 Bf5 12. d4 0-0-0 13. a3 Bxd2+ 14. Nbxd2 a4 15. 0-0 Nxd4 16. Nxd4 Rxd4 17. Nf3 Rd7 18. Rfd1 Rhd8 19. Rxd7 Rxd7 20. Rc1 Rd3 21. Ng5 h6 22. Nxf7 Kd7 23. Bf1 Rd2 24. Bb5+ Nc6 25. Bxa4 Ke7 26. e6 Kxe6 27. Bxc6 bxc6 28. Nh8 Ke7 29. g4 Bh7 30. h4 Rd8 31. Rxc6 Rxh8 32. Rxc7+ Kf6 33. Kh2 Rd8 34. Kg3 Be4 35. Rc3 Rd2 36. f3 Bd5 37. b4 Ke5 38. Re3+ Kd4 39. Re8 Rd3 40. Rf8 Rxa3 41. h5 Ke5 42. g5 hxg5 43. Kg4 Ra1 44. Rf5+ Ke6 45. Rxg5 Rf1 46. h6 Bxf3+ 47. Kg3 gxh6 48. Rg6+ Ke5 49. Rxh6 Be4 50. b5 Rg1+ 51. Kf2 Rg2+ 52. Ke3 Rg3+ 53. Kd2 Kd4 54. b6 Rg2+ 55. Kc1 Kc3 56. Rd6 Bd3 57. Rc6+ Bc4 58. Rd6 Ra2 59. Kb1 Ra5 60. Rc6 Re5 0-1

[Event "IND-chT 36th"]
[Site "Bhubaneswar"]
[Date "2016.02.11"]
[Round "6"]
[White "Selvabharathy, T."]
[Black "Swayams, Mishra"]
[Result "0-1"]
[WhiteElo "1851"]
[BlackElo "2478"]
[PlyCount "78"]
[EventDate "2016.02.08"]
[EventType "team-swiss"]
[EventRounds "9"]
[EventCountry "IND"]
[SourceTitle "CBM 170 Extra"]
[Source "ChessBase"]
[SourceDate "2016.02.25"]
[SourceVersion "1"]
[SourceVersionDate "2016.02.25"]
[SourceQuality "1"]
[WhiteTeam "Tamil Nadu II"]
[BlackTeam "Air India"]
[WhiteTeamCountry "IND"]
[BlackTeamCountry "IND"]

1. d4 e6 2. c4 b6 3. e4 Bb7 4. Qc2 g6 5. Nd2 Bg7 6. Ngf3 d6 7. Bd3 Ne7 8. 0-0 0-0 9. d5 e5 10. b4 a5 11. bxa5 Rxa5 12. Nb3 Ra8 13. Ne1 f5 14. f3 f4 15. a4 Na6 16. Bd2 h5 17. a5 g5 18. Be2 Bc8 19. h3 Kh8 20. Nd3 Ng8 21. Nf2 Nh6 22. Ra3 Nc5 23. Rfa1 Rg8 24. axb6 Rxa3 25. Rxa3 cxb6 26. Nxc5 bxc5 27. Qb3 Bf6 28. Ra7 g4 29. fxg4 Bh4 30. Be1 hxg4 31. Bxg4 Nxg4 32. Nxg4 Bxg4 33. Bxh4 Qxh4 34. hxg4 Qxg4 35. Ra2 f3 36. Qe3 Rg5 37. Ra8+ Kh7 38. Ra2 fxg2 39. Qf2 Qd1+ 0-1

[Event "Mumbai Wealth op"]
[Site "Mumbai"]
[Date "2016.01.31"]
[Round "4"]
[White "Selvabharathy, T."]
[Black "Amol, Sakpal"]
[Result "1-0"]
[WhiteElo "1800"]
[BlackElo "1474"]
[PlyCount "78"]
[EventDate "2016.01.28"]
[EventType "swiss"]
[EventRounds "9"]
[EventCountry "IND"]
[SourceTitle "CBM 170 Extra"]
[Source "ChessBase"]
[SourceDate "2016.02.25"]
[SourceVersion "1"]
[SourceVersionDate "2016.02.25"]
[SourceQuality "1"]

1. d4 d6 2. Nf3 h6 3. g3 Nf6 4. Bg2 Bg4 5. 0-0 Qd7 6. c4 Nc6 7. d5 Ne5 8. Nxe5 dxe5 9. Re1 Bh3 10. Bh1 h5 11. Qb3 Rb8 12. Bg5 Ng4 13. Qb5 Qxb5 14. cxb5 f6 15. Bd2 e6 16. Rc1 Bd6 17. dxe6 b6 18. a3 f5 19. Bb4 Rd8 20. Bc6+ Ke7 21. Bd7 Nf6 22. Rxc7 Nxd7 23. exd7 Rxd7 24. Rxd7+ Kxd7 25. Nc3 Bb8 26. e4 g5 27. exf5 Bxf5 28. Nd5 Ke6 29. Ne7 Bh3 30. Re1 Re8 31. Nc6 Bc7 32. Bc3 Kf5 33. Rd1 Kf6 34. Nxa7 h4 35. f3 hxg3 36. hxg3 g4 37. f4 Kf5 38. Bxe5 Bxe5 39. fxe5 Rxe5 1-0

[Event "IND-ch U15"]
[Site "Thrissur"]
[Date "2014.08.08"]
[Round "7"]
[White "Pranavananda, V."]
[Black "Selvabharathy, T."]
[Result "1-0"]
[WhiteElo "2085"]
[BlackElo "1901"]
[PlyCount "115"]
[EventDate "2014.08.04"]
[EventType "swiss"]
[EventRounds "11"]
[EventCountry "IND"]
[SourceTitle "CBM 162 Extra"]
[Source "ChessBase"]
[SourceDate "2014.10.17"]
[SourceVersion "1"]
[SourceVersionDate "2014.10.17"]
[SourceQuality "1"]

1. d4 Nf6 2. Bg5 c5 3. Bxf6 gxf6 4. d5 Qb6 5. Qc1 d6 6. Nf3 Bf5 7. Nbd2 Na6 8. a4 Bh6 9. a5 Qd8 10. Qd1 Nc7 11. e4 Bd7 12. c4 Na6 13. Bd3 Qc7 14. Bc2 b5 15. axb6 axb6 16. Ba4 Nb4 17. Bxd7+ Kxd7 18. 0-0 Qb7 19. Ra3 b5 20. Qe2 Rxa3 21. bxa3 Nc2 22. Qd3 Bxd2 23. Qxc2 Bh6 24. Rb1 b4 25. axb4 cxb4 26. Qa4+ Kc7 27. Nd4 Ra8 28. Nb5+ Kd8 29. Qxb4 Qb6 30. g3 Ra2 31. Rb2 Ra1+ 32. Kg2 Ra8 33. Qc3 Qa5 34. Qd3 Qe1 35. Rb1 Qd2 36. Qxd2 Bxd2 37. Rb2 Bc1 38. Rc2 Bh6 39. f4 f5 40. e5 Kd7 41. exd6 exd6 42. Nd4 Bg7 43. Nxf5 Bf6 44. g4 Ra3 45. g5 Bc3 46. Re2 Ra4 47. Re7+ Kd8 48. Rxf7 Rxc4 49. Nxd6 Rd4 50. Nb5 Rd2+ 51. Kg3 Bb4 52. Rxh7 Rxd5 53. g6 Bf8 54. Nc7 Rd6 55. f5 Rf6 56. Ne6+ Ke8 57. Rh8 Ke7 58. Rxf8 1-0